Library and information studies practical report (Record no. 80705)

MARC details
000 -LEADER
fixed length control field 00743nam a2200157 a 4500
008 - FIXED-LENGTH DATA ELEMENTS--GENERAL INFORMATION
fixed length control field 090630s2007 ||||||||||||||||| || u
050 ## - LIBRARY OF CONGRESS CALL NUMBER
Classification number CBU-EXT(02)
100 ## - MAIN ENTRY--PERSONAL NAME
Personal name Mwansa, Mwenya K
245 10 - TITLE STATEMENT
Title Library and information studies practical report
260 ## - PUBLICATION, DISTRIBUTION, ETC.
Place of publication, distribution, etc. Kitwe
Name of publisher, distributor, etc. Copperbelt University Library
Date of publication, distribution, etc. 2007
300 ## - PHYSICAL DESCRIPTION
Extent 15p. ;ill.
350 ## -
-- 0.00
650 ## - SUBJECT ADDED ENTRY--TOPICAL TERM
Topical term or geographic name entry element LIBRARY AND INFORMATION STUDIES REPORT
995 ## -
-- SPECIAL COLLECTIONS
-- 0.00
-- 03004261
-- CBU-MAIN LIBRARY (Kitwe)
-- 1
-- 0.00
-- CBU-EXT(02)2007/ 3A
-- 1
-- AVAILABLE
-- Jun 30, 2009
-- 03004261
-- International Publications
995 ## -
-- SPECIAL COLLECTIONS
-- 0.00
-- 03004262
-- CBU-MAIN LIBRARY (Kitwe)
-- 1
-- 0.00
-- CBU EX(02)2007/3B
-- 2
-- AVAILABLE
-- Jun 30, 2009
-- Z03004262
-- International Publications
999 ## -
-- 80705
-- 80705

No items available.